[Event "YUG-ch"]
[Site "Banja Vrucica"]
[Date "1991.??.??"]
[Round "?"]
[White "Burovic, Ismet"]
[Black "Obralic, Esad"]
[Result "1-0"]
[WhiteElo "2375"]
[BlackElo "2295"]
[PlyCount "83"]
[EventDate "1991.12.??"]
[EventType "swiss"]
[EventRounds "13"]
[EventCountry "YUG"]
[SourceTitle "EXT 1997"]
[Source "ChessBase"]
[SourceDate "1996.11.15"]
[SourceVersion "1"]
[SourceVersionDate "1996.11.15"]
[SourceQuality "1"]

1. e4 e5 2. Nf3 Nc6 3. Bb5 a6 4. Ba4 Nf6 5. 0-0 b5 6. Bb3 Bb7 7. d3 Bc5 8. c3 0-0 9. d4 Bb6 10. dxe5 Nxe4 11. Bd5 Nc5 12. Bg5 Qe8 13. Be3 Na4 14. Bc1 Nd8 15. Re1 Bxd5 16. Qxd5 Ne6 17. Nbd2 c6 18. Qd3 Nac5 19. Qc2 f5 20. exf6 Rxf6 21. b4 Na4 22. Ne4 Rf8 23. Neg5 Nxg5 24. Rxe8 Nxf3+ 25. gxf3 Raxe8 26. Kg2 d5 27. Bg5 Re5 28. Bh4 Ref5 29. Qe2 Rxf3 30. Qe6+ Kh8 31. Qxc6 Rxc3 32. Qxd5 Rc4 33. Qd6 Rcf4 34. Re1 h6 35. Bg3 R4f6 36. Re6 R6f7 37. Re7 Rf6 38. Qd7 Rg6 39. Re8 Rgf6 40. Rxf8+ Rxf8 41. Qb7 Rf6 42. Qxa6 1-0

[Event "YUG-ch"]
[Site "Banja Vrucica"]
[Date "1991.??.??"]
[Round "?"]
[White "Obralic, Esad"]
[Black "Sahovic, Dragutin"]
[Result "0-1"]
[WhiteElo "2295"]
[BlackElo "2365"]
[PlyCount "112"]
[EventDate "1991.12.??"]
[EventType "swiss"]
[EventRounds "13"]
[EventCountry "YUG"]
[SourceTitle "EXT 1997"]
[Source "ChessBase"]
[SourceDate "1996.11.15"]
[SourceVersion "1"]
[SourceVersionDate "1996.11.15"]
[SourceQuality "1"]

1. d4 Nf6 2. Bg5 c5 3. Bxf6 gxf6 4. d5 Qb6 5. Qc1 f5 6. e3 Bg7 7. c3 e6 8. Nh3 Na6 9. Nf4 Nc7 10. Bc4 Qd6 11. a4 Be5 12. 0-0 Bxf4 13. exf4 Nxd5 14. Rd1 Qxf4 15. Bxd5 Qxc1 16. Rxc1 exd5 17. Rd1 d6 18. Rxd5 Ke7 19. Nd2 Be6 20. Re1 Kd7 21. Rd3 Rae8 22. Rd1 Kc7 23. Rf3 a5 24. Rf4 Rb8 25. c4 Rhg8 26. f3 Rgd8 27. Nb1 Kc6 28. Nc3 d5 29. cxd5+ Bxd5 30. Kf2 Be6 31. Rxd8 Rxd8 32. Ke3 c4 33. Rd4 Rg8 34. Rd2 Kc5 35. Kf4 f6 36. g3 Rc8 37. Re2 Rc6 38. Nb5 Rb6 39. Rd2 Kb4 40. Nc3 Kb3 41. h3 Bf7 42. Re2 Re6 43. Rd2 Re5 44. h4 Be8 45. g4 fxg4 46. fxg4 Re1 47. Rf2 Bxa4 48. Ne4 Bc6 49. Nxf6 b5 50. g5 b4 51. Nxh7 c3 52. bxc3 bxc3 53. Nf6 c2 54. Rxc2 Kxc2 55. g6 Rf1+ 56. Kg5 Rxf6 0-1